[Event "Challenge"]
[Site "http://www.queenalice.com/game.php?id=1128433"]
[Date "2012.12.4"]
[Round "-"]
[White "vangogh"]
[Black "Ederson"]
[Result "0-1"]
[WhiteElo "1373"]
[BlackElo "1268"]

1. e4 e6 2. Nf3 h5 3. Bc4 Qf6 4. Nc3 b6 5. d3 Bb4 6. a3 Ba5 7. h4 Nc6 8. b4
Qxc3+ 9. Bd2 Qb2 10. Ra2 Qf6 11. bxa5 bxa5 12. O-O Nd4 13. Bg5 Nxf3+ 14. gxf3
Qe5 15. d4 Qd6 16. e5 Qc6 17. Bd3 Ba6 18. Bd2 Qd5 19. Rb2 Qxd4 20. Rb1 Bxd3 21.
Re1 Bc4 22. c3 Qxh4 23. Rb7 c5 24. Qa4 Bd5 25. Rxd7 Bxf3 26. Rxa7+ Qxa4 27. Rc7
Qg4+ 28. Kh2 Qg2# 0-1

[Event "Merry Xmas"]
[Site "http://www.queenalice.com/game.php?id=1130675"]
[Date "2012.12.12"]
[Round "-"]
[White "Ederson"]
[Black "vangogh"]
[Result "1-0"]
[WhiteElo "1276"]
[BlackElo "1386"]

1. e4 e5 2. Qh5 Qe7 3. d3 Nf6 4. Qf5 g6 5. Qg5 h6 6. Qe3 b6 7. Ne2 d6 8. d4 c5
9. dxe5 Qxe5 10. Qd3 Nxe4 11. Bf4 Qxb2 12. Qxe4+ Be6 13. Qxa8 Qxa1 14. Qxb8+ Ke7
15. Qxa7+ Kf6 16. Qxb6 Bxa2 17. Bxd6 Bg7 18. Bxc5+ Kf5 19. Ng3+ Kg4 20. f3+ Kh4
21. Qb4+ Kg5 22. h4+ Kf6 23. Bd4+ Qxd4 24. Qxd4+ Ke6 25. Qxg7 Rb8 26. Nc3 Rc8
27. Nxa2 Rxc2 28. Bd3 Rxa2 29. Bc4+ Ke7 30. Bxa2 Ke8 31. Bxf7+ Kd7 32. Qd4+ Ke7
33. Qd5 Kf6 34. Ne4+ Ke7 35. O-O Kf8 36. Qd7 Kg7 37. Rd1 h5 38. Rd6 Kh6 39.
Rxg6+ Kh7 40. Ng5+ Kh8 41. Qe8# 1-0

[Event "Challenge"]
[Site "http://www.queenalice.com/game.php?id=1130676"]
[Date "2012.12.12"]
[Round "-"]
[White "Ederson"]
[Black "vangogh"]
[Result "1/2-1/2"]
[WhiteElo "1294"]
[BlackElo "1363"]

1. e3 e5 2. Qh5 Qe7 3. Qf5 d6 4. Qxc8+ Qd8 5. Qxb7 Nd7 6. Qc6 Rb8 7. b3 Rb6 8.
Qa4 Nf6 9. Bb5 a6 10. Bxa6 d5 11. Ba3 Ne4 12. d3 Nc5 13. Qa5 Rxa6 14. Qb5 c6 15.
Qb4 g6 16. Bb2 Qg5 17. Nh3 Nxd3+ 18. Kd2 Nxb4 19. Nxg5 f6 20. Bc3 Nxa2 21. Nf3
Nc5 22. Na3 Ne4+ 23. Kd3 Nxf2+ 24. Kd2 Rxa3 25. Rhb1 Ne4+ 26. Kd3 Nexc3 27. Rxa2
Nxa2 28. Rd1 e4+ 29. Ke2 exf3+ 30. gxf3 Nc3+ 31. Kd2 Nxd1 32. Kxd1 Ra1+ 33. Kd2
Rh1 34. Kd3 Rxh2 35. c4 Bh6 36. cxd5 cxd5 37. b4 Rh3 38. b5 Rxf3 39. b6 Bxe3 40.
b7 Ke7 41. Ke2 Rg3 42. Kd3 Bc5+ 43. Kc2 Rb8 44. Kd2 Rxb7 45. Ke1 Rb1+ 46. Kd2 d4
47. Kc2 Ra1 48. Kb2 Rgg1 49. Kc2 Ra2+ 50. Kb3 Rf2 51. Kc4 Ba3 52. Kxd4 Rf4+ 53.
Ke3 Bc1+ 54. Ke2 g5 55. Kd3 g4 56. Ke2 Rf3 1/2-1/2

[Event "Challenge"]
[Site "http://www.queenalice.com/game.php?id=1130677"]
[Date "2012.12.12"]
[Round "-"]
[White "vangogh"]
[Black "Ederson"]
[Result "1-0"]
[WhiteElo "1381"]
[BlackElo "1288"]

1. e4 e5 2. Nf3 d6 3. Nc3 Qe7 4. Bc4 Bg4 5. Nd5 Qd7 6. c3 Qc6 7. b3 b5 8. Bd3
Be6 9. Ne3 d5 10. Nxe5 Qd6 11. Bxb5+ Ke7 12. Nd3 a6 13. Ba3 Qxa3 14. Ba4 Bd7 15.
Nxd5+ Kd6 16. Qf3 Bxa4 17. Qf4+ Kc6 18. Qxc7+ Kb5 19. c4# 1-0

[Event "Desafio"]
[Site "http://www.queenalice.com/game.php?id=1133211"]
[Date "2012.12.21"]
[Round "-"]
[White "Ederson"]
[Black "askasl159"]
[Result "0-1"]
[WhiteElo "1296"]
[BlackElo "1679"]

1. d4 e6 2. h4 h6 3. g4 d5 4. g5 hxg5 5. h5 Nc6 6. Be3 g6 7. Bxg5 Qxg5 8. Nf3
Qe7 9. Qd2 gxh5 10. a4 Qb4 11. c3 Qd6 12. e3 a6 13. Ng5 f6 14. Nf3 Bd7 15. Nh4
O-O-O 16. Ng6 Rh7 17. Qd3 f5 18. Rg1 Be8 19. f4 Bxg6 20. Rxg6 Rg7 21. Rg2 Rxg2
22. Bxg2 Nf6 23. Nd2 Bh6 24. b4 Rg8 25. Qf1 Ng4 26. Qh1 Nxe3 27. Kf2 Qxf4+ 28.
Ke2 Rxg2+ 29. Kd3 Qe4+ 30. Nxe4 fxe4# 0-1

[Event "A Happy 2013"]
[Site "http://www.queenalice.com/game.php?id=1135805"]
[Date "2012.12.31"]
[Round "-"]
[White "Ederson"]
[Black "vangogh"]
[Result "0-1"]
[WhiteElo "1291"]
[BlackElo "1349"]

1. d4 d5 2. Nc3 c6 3. Bf4 Nd7 4. e3 e6 5. Qh5 Ngf6 6. Qg5 Qb6 7. Na4 Qa5+ 8. Nc3
Qb6 9. b3 Qb4 10. a3 Qxc3+ 11. Ke2 Qxa1 12. Be5 Ne4 13. Qf4 Qxa3 14. Qg4 Nc3+
15. Kd3 c5 16. Kxc3 Qa5+ 17. Kb2 cxd4 18. Bxg7 Rg8 19. Qh5 Rxg7 20. g3 Qa3+ 21.
Kb1 dxe3 22. fxe3 Nc5 23. Bb5+ Bd7 24. Qe2 Rg4 25. Qxg4 Bxb5 26. b4 Ne4 27. h4
Nd2# 0-1

[Event "Hey, you! Accepts another game?"]
[Site "http://www.queenalice.com/game.php?id=1136032"]
[Date "2013.1.1"]
[Round "-"]
[White "askasl159"]
[Black "Ederson"]
[Result "1-0"]
[WhiteElo "1735"]
[BlackElo "1264"]

1. e4 e5 2. f4 Qh4+ 3. g3 Qh6 4. fxe5 Qe6 5. Nf3 Qg4 6. Nc3 Bb4 7. Qe2 a5 8. Qe3
b6 9. d4 Bb7 10. d5 Bc5 11. Qd3 Ba6 12. Nb5 Bxb5 13. Qxb5 Qxf3 14. Qe2 Qxh1 15.
Bf4 Bb4+ 16. c3 Bc5 17. O-O-O Qg1 18. h4 Bf2 19. Qg4 Nf6 20. exf6 g6 21. Bxc7
Be3+ 22. Kb1 Na6 23. Bxa6 Qf2 24. Bb5 O-O 25. Bxd7 Ra7 26. Bf4 Rxd7 27. Bxe3
Qxe3 28. Qxd7 Qxe4+ 29. Ka1 Qc2 30. Qg4 Rd8 31. a3 h5 32. Qf3 Rd6 33. Rf1 b5 34.
Qf4 Rxd5 35. Qb8+ Kh7 36. Qf8 Rd1+ 37. Rxd1 Qxd1+ 38. Ka2 Qd5+ 39. Ka1 Qe6 40.
Qg7# 1-0

[Event "Challenge"]
[Site "http://www.queenalice.com/game.php?id=1137644"]
[Date "2013.1.5"]
[Round "-"]
[White "vangogh"]
[Black "Ederson"]
[Result "1-0"]
[WhiteElo "1354"]
[BlackElo "1277"]

1. e4 e5 2. Bc4 c5 3. Qh5 g6 4. Qf3 Nf6 5. d3 Bh6 6. Bxh6 Qa5+ 7. Nc3 Qb4 8. Rb1
Ng8 9. Bg7 d5 10. Bxd5 Ne7 11. Qxf7+ Kd7 12. Bxh8 h5 13. Bxe5 Qb6 14. Nf3 Nc6
15. Be6+ Kd8 16. Qf8# 1-0

[Event "Desafio"]
[Site "http://www.queenalice.com/game.php?id=1141717"]
[Date "2013.1.17"]
[Round "-"]
[White "Ederson"]
[Black "askasl159"]
[Result "1/2-1/2"]
[WhiteElo "1262"]
[BlackElo "1747"]

1. d4 d5 2. Nc3 c5 3. e4 dxe4 4. d5 f5 5. Qh5+ g6 6. Bb5+ Bd7 7. Qe2 a6 8. Be3
Bxb5 9. Nxb5 axb5 10. O-O-O Nd7 11. Qxb5 Qa5 12. c4 Nh6 13. Bd2 Qxb5 14. cxb5
Nf7 15. Kb1 Bg7 16. a3 Nd6 17. a4 b6 18. Bc3 Bxc3 19. bxc3 O-O 20. Nh3 Nf6 21.
Ng5 Ra5 22. Ne6 Rfa8 23. Nc7 R8a7 24. Na6 Rxa4 25. Kb2 Nxb5 26. Kb3 R7xa6 27. c4
Nd4+ 28. Kb2 Rxc4 29. Rc1 Rxc1 30. Rxc1 Nxd5 31. Rc4 Nb4 32. Rc3 Ra2+ 33. Kb1
Rd2 34. Rc1 Nbc6 35. h4 Rxf2 36. Ka1 Na5 37. Rb1 Ndb3+ 38. Rxb3 Nxb3+ 39. Kb1
Rxg2 40. h5 gxh5 1/2-1/2

[Event "Challenge"]
[Site "http://www.queenalice.com/game.php?id=1143382"]
[Date "2013.1.21"]
[Round "-"]
[White "vangogh"]
[Black "Ederson"]
[Result "1-0"]
[WhiteElo "1414"]
[BlackElo "1276"]

1. e4 e5 2. Nf3 Bd6 3. Nc3 f6 4. Bc4 Nh6 5. h3 Nc6 6. g4 Nd4 7. Nh4 a6 8. a4 Bb4
9. d3 b5 10. axb5 a5 11. Bd5 Bxc3+ 12. bxc3 c6 13. cxd4 cxd5 14. exd5 exd4 15.
Qe2+ Kf8 16. Qe4 1-0

[Event "magalhaes_br"]
[Site "http://www.queenalice.com/game.php?id=1171462"]
[Date "2013.4.14"]
[Round "5"]
[White "signifer"]
[Black "Ederson"]
[Result "1-0"]
[WhiteElo "1430"]
[BlackElo "1246"]

1. e4 e5 2. Nf3 Bd6 3. Nc3 Nf6 4. Bc4 Qe7 5. d4 Bb4 6. a3 Ba5 7. b4 d5 8. exd5
Bxb4 9. axb4 Qxb4 10. Qd2 Qxc4 11. Nxe5 Qb4 12. Ba3 Ne4 13. Nxe4 Qb5 14. Nc3 Qb6
15. Qf4 f6 16. Nf3 g5 17. Qd2 g4 18. Nh4 c6 19. Bc5 Qb2 20. O-O b6 21. Rab1 Qxb1
22. Nxb1 bxc5 23. dxc5 cxd5 24. Qxd5 Bb7 25. Qxb7 O-O 26. Qxa8 Nc6 27. Qxc6 a5
28. Nf5 a4 29. Qxa4 Re8 30. Qxe8# 1-0

[Event "Challenge"]
[Site "http://www.queenalice.com/game.php?id=1175585"]
[Date "2013.4.26"]
[Round "-"]
[White "Ederson"]
[Black "dejami"]
[Result "0-1"]
[WhiteElo "1237"]
[BlackElo "1701"]

1. d4 d5 2. Nc3 c6 3. b4 Na6 4. e4 Nxb4 5. exd5 Nxd5 6. Na4 Qa5+ 7. c3 Nxc3 8.
Qc2 Ne4+ 9. Bd2 Qd5 10. Bc4 Qxd4 11. Be3 Qxa1+ 12. Bc1 Qe5 13. Bb2 Qf4 14. Nh3
Bxh3 15. gxh3 b5 16. Bc1 Qh4 17. Bd3 bxa4 18. Bxe4 Rc8 19. Bf5 e6 20. Bd3 Bb4+
21. Bd2 a5 22. Qc4 Qxh3 23. Qa6 Ne7 24. Bxb4 axb4 25. Qxa4 Qxd3 26. Qd1 Qe4+ 27.
Kd2 Rd8+ 28. Kc1 Rxd1+ 29. Rxd1 O-O 30. Rd2 h6 31. Rc2 Rd8 32. Rb2 Qc4+ 33. Rc2
Qf1+ 34. Kb2 Rd3 35. a3 Rxa3 36. h4 Qa1# 0-1

[Event "Challenge"]
[Site "http://www.queenalice.com/game.php?id=1184960"]
[Date "2013.5.26"]
[Round "-"]
[White "dejami"]
[Black "Ederson"]
[Result "1-0"]
[WhiteElo "1653"]
[BlackElo "1233"]

1. e4 Nf6 2. e5 Nd5 3. Bc4 Nb6 4. b3 e6 5. f4 Qh4+ 6. g3 Qh6 7. d4 Bb4+ 8. c3 d5
9. Bb5+ Bd7 10. Bxd7+ N8xd7 11. cxb4 a5 12. f5 g5 13. f6 axb4 14. Nd2 Nf8 15.
Ndf3 Qg6 16. Nxg5 h6 17. N5h3 Qe4+ 18. Qe2 Qxd4 19. Bb2 Qc5 20. Rc1 Qa5 21. a4
c5 22. Kf2 d4 23. Qe4 Rb8 24. Nf3 c4 25. bxc4 Nxa4 26. Ra1 b5 27. Qc6+ Nd7 28.
Bxd4 b3 29. Rhb1 Qb4 30. c5 b2 31. Ra2 Qb3 32. Raxb2 Qd5 33. Qxd5 exd5 34. Rc2
h5 35. c6 Rc8 36. cxd7+ Kxd7 37. Ra2 Rc4 38. Rxb5 Rhc8 39. Kg2 Rc2+ 40. Rxc2
Rxc2+ 41. Nf2 Kc6 42. Ra5 Rc4 43. Be3 Nc3 44. Nd4+ Kb6 45. Nb3+ d4 46. Bd2 Nb1
47. Ra2 d3 48. Nxd3 Re4 49. Kf2 h4 50. Be3+ Kb5 51. Rc2 Na3 52. Rc5+ Ka4 53. Nd2
Rg4 54. h3 Rxg3 55. e6 fxe6 56. f7 Rxh3 57. f8=Q Rh2+ 58. Kf3 Nc2 59. Qe8+ Ka3
60. Qa8# 1-0

[Event "Challenge"]
[Site "http://www.queenalice.com/game.php?id=1184961"]
[Date "2013.5.26"]
[Round "-"]
[White "Ederson"]
[Black "dejami"]
[Result "0-1"]
[WhiteElo "1235"]
[BlackElo "1681"]

1. d4 d5 2. Nc3 c6 3. Bf4 Nd7 4. a4 Nb6 5. a5 Nc4 6. b4 Nb2 7. Qb1 Nc4 8. e4
dxe4 9. Bxc4 Qxd4 10. Qb3 e6 11. Nce2 Qxa1+ 12. Nc1 b6 13. Qa2 Qd4 14. Nge2
Bxb4+ 15. Bd2 Qxd2+ 16. Kf1 Qd1# 0-1

[Event "Challenge"]
[Site "http://www.queenalice.com/game.php?id=1195528"]
[Date "2013.6.29"]
[Round "-"]
[White "dejami"]
[Black "Ederson"]
[Result "1-0"]
[WhiteElo "1645"]
[BlackElo "1231"]

1. e4 Nf6 2. e5 Nd5 3. c3 e6 4. d4 f6 5. f4 fxe5 6. fxe5 Qh4+ 7. Kd2 g6 8. Nf3
Bh6+ 9. Kc2 Qe4+ 10. Bd3 Ne3+ 11. Kb3 Qd5+ 12. c4 Qa5 13. Bxe3 Bxe3 14. a4 Qb6+
15. Kc3 a5 16. Re1 Qb4+ 17. Kc2 Bf2 18. Re2 Qxa4+ 19. Rxa4 Bxd4 20. Nxd4 h5 21.
Qf1 Rf8 22. Rf2 c5 23. Rxf8+ Ke7 24. Qf7# 1-0

[Event "Challenge"]
[Site "http://www.queenalice.com/game.php?id=1195529"]
[Date "2013.6.29"]
[Round "-"]
[White "Ederson"]
[Black "dejami"]
[Result "0-1"]
[WhiteElo "1229"]
[BlackElo "1709"]

1. e4 a6 2. Qh5 g6 3. Qe5 f6 4. Qd5 c6 5. Qd4 e5 6. Qc3 d5 7. f4 exf4 8. e5 d4
9. Qc4 b5 10. Qe2 Ra7 11. exf6+ Kf7 12. Qe5 Rc7 13. Qxf4 Nxf6 14. Bd3 Re7+ 15.
Ne2 Bb7 16. b3 c5 17. Ba3 Nd7 18. h4 Bxg2 19. Rg1 Be4 20. Bxe4 Rxe4 21. Qh2 Bg7
22. d3 Re3 23. Rg3 Re6 24. Qf2 Rhe8 25. Nc3 dxc3 26. O-O-O Rxe2 27. Qf1 b4 28.
Rg2 R2e5 29. d4 Rf5 30. Qc4+ Nd5 31. Rg5 Rxg5 32. hxg5 bxa3 33. Qxd5+ Re6 34.
Rf1+ Ke7 35. dxc5 Qa5 36. Rd1 Nxc5 37. Qc4 Qb6 38. b4 Na4 39. Qd5 Qc7 40. b5 Nb2
41. Rh1 h5 42. gxh6 Qf4+ 43. Kb1 Bxh6 44. Qb7+ Kf6 45. bxa6 Nc4 46. a7 Rb6+ 47.
Qxb6+ Nxb6 48. Rd1 Qb4+ 49. Ka1 Qb2# 0-1

[Event "Challenge"]
[Site "http://www.queenalice.com/game.php?id=1212932"]
[Date "2013.8.30"]
[Round "-"]
[White "dejami"]
[Black "Ederson"]
[Result "0-1"]
[WhiteElo "1698"]
[BlackElo "1227"]

1. e4 e5 2. Bc4 Qh4 3. d3 Bb4+ 4. c3 f5 5. cxb4 fxe4 6. g3 Qe7 7. a3 Qd6 8. dxe4
Qc6 9. Bb3 Qxe4+ 10. Be3 Qxh1 11. Kf1 Qxh2 12. Qf3 Nf6 13. Bg5 h6 14. Bd2 Nh5
15. Bd1 g6 16. Be3 Rf8 17. Qg4 Nxg3+ 18. Ke1 Qxg1+ 19. Kd2 Nf1+ 20. Kc2 Nxe3+
21. fxe3 Rf2+ 22. Kc1 Rf1 23. Qe2 Rxd1+ 24. Qxd1 Qxd1+ 25. Kxd1 d5 26. Nd2 h5
27. Ke1 Bh3 28. Nf3 e4 29. Ng5 Bg4 30. Nh7 Nd7 31. Rc1 O-O-O 32. Ng5 Rf8 33. a4
Rf5 34. Nh7 h4 35. Rc2 Rh5 0-1

[Event "Challenge"]
[Site "http://www.queenalice.com/game.php?id=1220948"]
[Date "2013.9.29"]
[Round "-"]
[White "dejami"]
[Black "Ederson"]
[Result "1-0"]
[WhiteElo "1683"]
[BlackElo "1255"]

1. e4 e5 2. Bc4 Qh4 3. Qf3 Nh6 4. d4 Bb4+ 5. c3 Ba5 6. Bxh6 Qxh6 7. Qxf7+ Kd8 8.
Qd5 Qc1+ 9. Ke2 Qxb2+ 10. Kd3 Qxa1 11. Qxa5 Qxb1+ 12. Ke3 Qe1+ 13. Kf3 Qd1+ 14.
Ke3 exd4+ 15. cxd4 Qc1+ 16. Kd3 Qf1+ 17. Ke3 Qxc4 18. Ne2 Nc6 19. Qg5+ Ne7 20.
Rc1 Qf7 21. Qg3 Qe6 22. Rxc7 Qh6+ 23. Kd3 Qa6+ 24. Ke3 Qa3+ 25. Rc3 Qxa2 26.
Qc7+ Ke8 27. d5 Qa6 28. Nd4 Qh6+ 29. Kd3 d6 30. h3 a5 31. Qb6 Ra6 32. Rxc8+ Nxc8
33. Qxb7 Rb6 34. Qxc8+ Kf7 35. Qc7+ Kg6 36. Qxb6 Qf4 37. f3 Ra8 38. Qb7 Rf8 39.
Qe7 Qf6 40. Qd7 a4 41. Qxa4 h5 42. Qd7 Rf7 43. Qc6 Qg5 44. g4 hxg4 45. hxg4 Rf6
46. Qe8+ Rf7 47. Nf5 Qc1 48. Nxd6 Qd1+ 49. Ke3 Qc1+ 50. Kd4 Qa1+ 51. Ke3 Qa7+
52. Kd2 Qe7 53. Qxf7+ Qxf7 54. Nxf7 Kxf7 55. f4 Kf6 56. g5+ Kg6 57. Ke3 1-0

[Event "Challenge"]
[Site "http://www.queenalice.com/game.php?id=1220949"]
[Date "2013.9.29"]
[Round "-"]
[White "Ederson"]
[Black "dejami"]
[Result "0-1"]
[WhiteElo "1257"]
[BlackElo "1678"]

1. e4 e5 2. Qh5 d6 3. d3 Nf6 4. Qg5 h6 5. Qh4 g5 6. Bxg5 hxg5 7. Qxh8 Nc6 8. Nf3
Ng4 9. Nxg5 Qxg5 10. h3 Qc1+ 11. Ke2 Nd4# 0-1

[Event "Challenge"]
[Site "http://www.queenalice.com/game.php?id=1236970"]
[Date "2013.12.2"]
[Round "-"]
[White "dejami"]
[Black "Ederson"]
[Result "1-0"]
[WhiteElo "1676"]
[BlackElo "1253"]

1. e4 e5 2. Bc4 Qf6 3. d3 Bb4+ 4. c3 Ba5 5. Nh3 Nc6 6. Bg5 Qg6 7. Be3 Qxg2 8.
Rg1 Qxh3 9. Rxg7 h5 10. b4 h4 11. bxa5 Qxh2 12. Qf3 h3 13. Qxf7+ Kd8 14. Qf8#
1-0

[Event "Challenge"]
[Site "http://www.queenalice.com/game.php?id=1244908"]
[Date "2014.1.3"]
[Round "-"]
[White "dejami"]
[Black "Ederson"]
[Result "1-0"]
[WhiteElo "1693"]
[BlackElo "1251"]

1. e4 e5 2. d3 Bb4+ 3. c3 Ba5 4. Qh5 Qf6 5. Nf3 g6 6. Qxe5+ Qxe5 7. Nxe5 d6 8.
Nc4 Bb4 9. cxb4 b5 10. Na5 Nd7 11. d4 Ndf6 12. Bxb5+ Bd7 13. Bxd7+ Nxd7 14. Nc3
Ngf6 15. Bh6 Ng4 16. Bg5 h6 17. Bf4 g5 18. Bd2 Ndf6 19. f3 Nxe4 20. Nxe4 f5 21.
Ng3 f4 22. Nf5 Nf6 23. Rc1 Nd5 24. O-O O-O 25. Nxh6+ Kg7 26. Ng4 Rab8 27. Nc6
Rb7 28. a3 a6 29. Na5 Rbb8 30. Rfe1 Kf7 31. g3 Nf6 32. Rxc7+ Kg8 33. Nh6+ Kh8
34. g4 Ng8 35. Nf5 Nf6 36. Bc3 Ne8 37. d5+ Kg8 38. Nh6# 1-0

[Event "Challenge"]
[Site "http://www.queenalice.com/game.php?id=1244909"]
[Date "2014.1.3"]
[Round "-"]
[White "dejami"]
[Black "Ederson"]
[Result "1-0"]
[WhiteElo "1697"]
[BlackElo "1249"]

1. e4 Nf6 2. f3 e5 3. d4 Bb4+ 4. c3 Bd6 5. d5 Bc5 6. Ne2 Nh5 7. c4 Nf4 8. Bxf4
Bb4+ 9. Bd2 a5 10. Bxb4 axb4 11. b3 Qh4+ 12. g3 Qf6 13. Nc1 c6 14. Nd3 c5 15.
Bh3 Na6 16. Nf2 O-O 17. Ng4 Qg5 18. d6 f5 19. Nxe5 Qe3+ 20. Qe2 Qd4 21. Nd3 Qxa1
22. O-O Qd4+ 23. Kh1 Qxd6 24. e5 Qh6 25. Bg2 g5 26. f4 Qg6 27. Rg1 gxf4 28. Nxf4
d6 29. Nxg6 hxg6 30. exd6 Bd7 31. Bxb7 Rae8 32. Bd5+ Rf7 33. Qf2 Nb8 34. Qxc5
Kf8 35. Qd4 Rh7 36. Qf6+ Rf7 37. Qxf7# 1-0

[Event "Challenge"]
[Site "http://www.queenalice.com/game.php?id=1256985"]
[Date "2014.2.16"]
[Round "-"]
[White "dejami"]
[Black "Ederson"]
[Result "1-0"]
[WhiteElo "1725"]
[BlackElo "1247"]

1. e4 e5 2. Bc4 Qe7 3. d3 Qb4+ 4. c3 Qd6 5. Nf3 Qg6 6. O-O h5 7. Ng5 f6 8. Bf7+
Qxf7 9. Nxf7 Kxf7 10. g3 h4 11. g4 d6 12. h3 Ne7 13. Qb3+ Be6 14. Qxb7 Ng6 15.
Qxa8 Be7 16. Qxa7 c5 17. c4 Nc6 18. Qa4 Nd4 19. Nc3 Nf3+ 20. Kg2 Ng5 21. Nb5 Bd7
22. Qa7 1-0